Statistics for Countries, States etc on the "Countries Visited Map" by Area with as many letter Hints as possible

Click here to take the quiz!

General Stats

  • This quiz has been taken 870 times
  • The average score is 120 of 271

Answers on the Map

Answers color-coded by a green-red scale on the quiz's map according to % correct below.
 

Answer Stats

AreaRankTypeNameAnswer% Correct
17,098,2461CountryRussiaRussia . Chi
100%
9,596,9612CountryChinaChina . Br
98%
8,515,7673CountryBrazilBrazil . India
96%
3,287,2634CountryIndiaIndia . Ar
94%
2,780,4005CountryArgentinaArgentina . Ka
92%
2,724,9006CountryKazakhstanKazakhstan . West
90%
2,529,8757AustraliaWestern AustraliaWestern Australia . Al
81%
2,381,7418CountryAlgeriaAlgeria . De
78%
2,344,8589CountryDemoractic Republic of the CongoDemoractic Republic of the Congo . Gree
73%
2,166,08610OtherGreenlandGreenland . Sa
72%
2,149,69011CountrySaudi ArabiaSaudi Arabia . N
72%
1,759,54016CountryLibyaLibya . Que
66%
1,861,48415CountrySudanSudan . Lib
66%
1,910,93114CountryIndonesiaIndonesia . Su
65%
1,964,37513CountryMexicoMexico . Ind
65%
1,723,33718US StateAlaskaAlaska . Ira
64%
1,648,19519CountryIranIran . Mon
64%
1,564,11020CountryMongoliaMongolia . Q
64%
2,093,19012CanadaNunavutNunavut . M
64%
1,542,05621CanadaQuebecQuebec . Northern
64%
1,730,64817AustraliaQueenslandQueensland . Ala
64%
1,246,70027CountryAngolaAngola . Mal
61%
1,284,00025CountryChadChad . Niger
61%
1,141,74830CountryColombiaColombia . E
61%
1,002,45035CountryEgyptEgypt . South
61%
1,104,30031CountryEthiopiaEthiopia . Bo
61%
1,240,19228CountryMaliMali . South
61%
1,030,70034CountryMauritaniaMauritania . E
61%
1,267,00026CountryNigerNiger . An
61%
1,349,12922AustraliaNorthern TerritoryNorthern Territory . North
61%
1,285,21624CountryPeruPeru . Ch
61%
1,221,03729CountrySouth AfricaSouth Africa . Colo
61%
1,098,58132CountryBoliviaBolivia . O
60%
1,346,10623CanadaNorthwest TerritoriesNorthwest Territories . Pe
60%
1,076,39533CanadaOntarioOntario . Maurit
60%
945,08737CountryTanzaniaTanzania . Br
60%
944,73538CanadaBritish ColumbiaBritish Columbia . Ni
59%
923,76839CountryNigeriaNigeria . Ve
59%
983,48236AustraliaSouth AustraliaSouth Australia . Ta
59%
916,44540CountryVenezuelaVenezuela . Pa
59%
825,61542CountryNamibiaNamibia . Mo
58%
881,91241CountryPakistanPakistan . Na
58%
756,10246CountryChileChile . Z
57%
801,59043CountryMozambiqueMozambique . New
57%
800,64244AustraliaNew South WalesNew South Wales . Turk
57%
695,66249US StateTexasTexas . M
57%
783,56245CountryTurkeyTurkey . C
57%
752,61247CountryZambiaZambia . Mo
57%
652,23052CountryAfghanistanAfghanistan . Sa
56%
661,84851CanadaAlbertaAlberta . A
56%
581,73060CountryBotswanaBotswana . Ken
56%
622,98457CountryCentral African RepublicCentral African Republic . U
56%
551,69562CountryFranceFrance . Y
56%
580,36761CountryKenyaKenya . Fr
56%
587,04159CountryMadagascarMadagascar . Bo
56%
710,85048CountryMoroccoMorocco . Te
56%
676,57850CountryMyanmarMyanmar . Alb
56%
651,03653CanadaSaskatchewanSaskatchewan . Ma
56%
637,65756CountrySomaliaSomalia . C
56%
644,32955CountrySouth SudanSouth Sudan . So
56%
505,99265CountrySpainSpain . Tu
56%
603,50058CountryUkraineUkraine . Ma
56%
527,96863CountryYemenYemen . T
56%
647,79754CanadaManitobaManitoba . South
55%
513,12064CountryThailandThailand . S
55%
488,10066CountryTurkmenistanTurkmenistan .
55%
423,97273US StateCaliforniaCalifornia . Pa
54%
475,44268CountryCameroonCameroon . Pa
53%
338,42482CountryFinlandFinland . Vi
53%
357,11479CountryGermanyGermany . P
53%
438,31772CountryIraqIraq . Ca
53%
377,93078CountryJapanJapan . Ge
53%
380,83177US StateMontanaMontana . Ja
53%
405,21275CanadaNewfoundland and LabradorNewfoundland and Labrador .
53%
323,80285CountryNorwayNorway . Co
53%
462,84069CountryPapua New GuineaPapua New Guinea . Sw
53%
406,75274CountryParaguayParaguay . New
53%
450,29570CountrySwedenSweden . U
53%
447,40071CountryUzbekistanUzbekistan . Ir
53%
482,44367CanadaYukonYukon . Cam
53%
330,80384CountryMalaysiaMalaysia . Nor
52%
343,44880CountryPhilippinesPhilippines . R
52%
331,21283CountryVietnamVietnam . Mala
52%
390,75776CountryZimbabweZimbabwe . Mont
52%
295,23491US StateArizonaArizona . Ne
51%
309,50089CountryOmanOman . I
51%
312,67988CountryPolandPoland . O
51%
274,22294CountryBurkina FasoBurkina Faso . New
50%
269,60196US StateColoradoColorado . Ga
50%
322,46386CountryCôte d'IvoireCôte d'Ivoire . New
50%
301,33690CountryItalyItaly . Ar
50%
286,38092US StateNevadaNevada . E
50%
314,91787US StateNew MexicoNew Mexico . Po
50%
270,46795CountryNew ZealandNew Zealand . Co
50%
254,79998US StateOregonOregon . W
50%
342,00081CountryRepublic of the CongoRepublic of the Congo . Fi
50%
207,600112CountryBelarusBelarus . Ne
49%
276,84193CountryEcuadorEcuador . Bur
49%
267,66897CountryGabonGabon . O
49%
216,443109US StateIdahoIdaho . Gu
49%
238,397104CountryRomaniaRomania . La
49%
219,882108US StateUtahUtah . I
49%
253,33599US StateWyomingWyoming . Mi
49%
238,533103CountryGhanaGhana . R
48%
245,857101CountryGuineaGuinea . U
48%
214,969110CountryGuyanaGuyana . K
48%
213,100111US StateKansasKansas . Bel
48%
236,800105CountryLaosLaos . Vi
48%
250,487100US StateMichiganMichigan . Guinea
48%
225,163107US StateMinnesotaMinnesota . U
48%
200,330113US StateNebraskaNebraska . K
48%
183,108119US StateNorth DakotaNorth Dakota . O
48%
241,550102CountryUgandaUganda . G
48%
227,416106AustraliaVictoriaVictoria . Mi
48%
184,661118US StateWashingtonWashington . North
48%
181,035121CountryCambodiaCambodia . Miss
47%
170,312124US StateFloridaFlorida . W
47%
153,910128US StateGeorgiaGeorgia . I
47%
149,995129US StateIllinoisIllinois . Ba
47%
199,951114CountryKyrgyzstanKyrgyzstan . South
47%
180,540122US StateMissouriMissouri . U
47%
181,037120US StateOklahomaOklahoma . Ca
47%
196,722116CountrySenegalSenegal . S
47%
199,729115US StateSouth DakotaSouth Dakota . Se
47%
185,180117CountrySyriaSyria . Wa
47%
176,215123CountryUruguayUruguay . F
47%
169,635125US StateWisconsinWisconsin . S
47%
135,767137US StateAlabamaAlabama . L
46%
137,732136US StateArkansasArkansas . Al
46%
135,659138US StateLouisianaLouisiana . Gre
46%
147,181131CountryNepalNepal . I
46%
141,297134US StateNew YorkNew York . North
46%
163,820126CountrySurinameSuriname . Tu
46%
163,610127CountryTunisiaTunisia . Georgia
46%
147,570130CountryBangladeshBangladesh . Ne
45%
131,990139CountryGreeceGreece . N
45%
145,746132US StateIowaIowa . Ta
45%
130,373140CountryNicaraguaNicaragua . E
45%
139,391135US StateNorth CarolinaNorth Carolina . Ar
45%
120,540143CountryNorth KoreaNorth Korea . P
45%
143,100133CountryTajikistanTajikistan . New
45%
130,279141UKEnglandEngland . M
44%
117,600146CountryEritreaEritrea .
44%
118,484145CountryMalawiMalawi . E
44%
125,438142US StateMississippiMississippi . North
44%
119,280144US StatePennsylvaniaPennsylvania . Mal
44%
110,787152US StateVirginiaVirginia . C
43%
114,763148CountryBeninBenin . H
42%
110,879151CountryBulgariaBulgaria . V
42%
108,889155CountryGuatemalaGuatemala . K
42%
112,492149CountryHondurasHonduras . Li
42%
104,656156US StateKentuckyKentucky . I
42%
111,369150CountryLiberiaLiberia . Bu
42%
116,098147US StateOhioOhio . Be
42%
109,153154US StateTennesseeTennessee . Gu
42%
109,884153CountryCubaCuba . T
41%
93,028160CountryHungaryHungary . P
41%
94,326159US StateIndianaIndiana . H
41%
83,871165CountryAustriaAustria .
40%
86,600164CountryAzerbaijanAzerbaijan . Austr
40%
103,000157CountryIcelandIceland . South
40%
89,342163CountryJordanJordan . A
40%
91,633162US StateMaineMaine . J
40%
92,090161CountryPortugalPortugal . Ma
40%
100,210158CountrySouth KoreaSouth Korea . I
40%
78,865169CountryCzech RepublicCzech Republic . S
38%
83,534167OtherFrench GuianaFrench Guiana . So
37%
77,933170UKScotlandScotland . Se
37%
77,474171CountrySerbiaSerbia . Pa
37%
82,933168US StateSouth CarolinaSouth Carolina . C
37%
83,600166CountryUnited Arab EmiratesUnited Arab Emirates . F
37%
69,700176CountryGeorgiaGeorgia . Ta
36%
70,273175CountryIrelandIreland . G
36%
64,559180CountryLatviaLatvia . W
36%
65,300179CountryLithuaniaLithuania . L
36%
72,908173CanadaNew BrunswickNew Brunswick . Si
36%
75,417172CountryPanamaPanama . New
36%
71,740174CountrySierra LeoneSierra Leone . I
36%
65,610178CountrySri LankaSri Lanka . Li
36%
68,401177AustraliaTasmaniaTasmania . S
36%
56,785182CountryTogoTogo . C
36%
62,756181US StateWest VirginiaWest Virginia . To
36%
56,594183CountryCroatiaCroatia . No
35%
55,284184CanadaNova ScotiaNova Scotia . B
35%
51,209185CountryBosnia and
Herzegovina
Bosnia and
Herzegovina . Co
34%
38,394193CountryBhutanBhutan . T
33%
51,100186CountryCosta RicaCosta Rica . Slov
33%
43,094190CountryDenmarkDenmark . Ne
33%
48,671188CountryDominican RepublicDominican Republic . E
33%
45,227189CountryEstoniaEstonia . De
33%
41,850191CountryNetherlandsNetherlands . Sw
33%
49,037187CountrySlovakiaSlovakia . Dominica
33%
41,284192CountrySwitzerlandSwitzerland . B
33%
36,193194CountryTaiwanTaiwan . G
33%
0.44271CountryVatican CityVatican City
33%
36,125195CountryGuinea-BissauGuinea-Bissau . Mo
32%
33,846196CountryMoldovaMoldova . Mar
32%
2.02270CountryMonacoMonaco .
32%
28,748202CountryAlbaniaAlbania . Ha
31%
29,743200CountryArmeniaArmenia . S
31%
30,528198CountryBelgiumBelgium . Le
31%
30,355199CountryLesothoLesotho . A
31%
32,131197US StateMarylandMaryland . Bel
31%
21269CountryNauruNauru .
31%
22,966213CountryBelizeBelize . N
30%
28,051204CountryEquatorial GuineaEquatorial Guinea . B
30%
27,750206CountryHaitiHaiti . Ma
30%
25,713209CountryMacedoniaMacedonia . V
30%
24,214211US StateNew HampshireNew Hampshire . D
30%
26,338208CountryRwandaRwanda . Ma
30%
28,896201CountrySolomon IslandsSolomon Islands . A
30%
24,906210US StateVermontVermont . New
30%
27,834205CountryBurundiBurundi .
29%
23,200212CountryDjiboutiDjibouti . B
29%
21,041215CountryEl SalvadorEl Salvador .
29%
18,272219CountryFijiFiji . K
29%
28,313203US StateHawaiiHawaii . E
29%
27,336207US StateMassachusettsMassachusetts . R
29%
22,591214US StateNew JerseyNew Jersey . E
29%
20,273218CountrySloveniaSlovenia . F
29%
17,364221CountrySwazilandSwaziland .
29%
26268CountryTuvaluTuvalu .
29%
20,735217UKWalesWales . S
29%
13,943224CountryBahamasBahamas . Mon
28%
14,357223US StateConnecticutConnecticut . Bah
28%
20,770216CountryIsraelIsrael .
28%
10,991230CountryJamaicaJamaica . K
28%
10,887231CountryKosovoKosovo . L
28%
17,818220CountryKuwaitKuwait . S
28%
316262CountryMaltaMalta . Ma
28%
13,812225CountryMontenegroMontenegro . N
28%
13,562226UKNorthern IrelandNorthern Ireland . Va
28%
61267CountrySan MarinoSan Marino .
28%
12,189227CountryVanuatuVanuatu .
28%
4,033240CountryCape VerdeCape Verde .
27%
9,251233CountryCyprusCyprus . P
27%
14,919222CountryEast TimorEast Timor . Co
27%
10,452232CountryLebanonLebanon . C
27%
9,104234OtherPuerto RicoPuerto Rico . D
27%
261264CountrySaint Kitts and NevisSaint Kitts and Nevis . M
27%
6,446235US StateDelawareDelaware . Pal
26%
2,586243CountryLuxembourgLuxembourg . A
26%
300263CountryMaldivesMaldives . Sa
26%
2,040245CountryMauritiusMauritius .
26%
6,020236OtherPalestinePalestine . B
26%
11,586228CountryQatarQatar . G
26%
2,842242CountrySamoaSamoa . L
26%
468255CountryAndorraAndorra .
25%
5,765237CountryBruneiBrunei . P
25%
11,295229CountryGambiaGambia .
25%
344261CountryGrenadaGrenada . Mal
25%
160266CountryLiechtensteinLiechtenstein .
25%
181265CountryMarshall IslandsMarshall Islands .
25%
459256CountryPalauPalau . S
25%
452257CountrySeychellesSeychelles .
25%
5,130239CountryTrinidad and TobagoTrinidad and Tobago . C
25%
442258CountryAntigua and BarbudaAntigua and Barbuda .
24%
2,358244AustraliaAustralian Capital TerritoryAustralian Capital Territory . Ma
24%
1,862246CountryComorosComoros . Sa
24%
811248CountryKiribatiKiribati . Ba
24%
5,660238CanadaPrince Edward IslandPrince Edward Island . T
24%
616254CountrySaint LuciaSaint Lucia . An
24%
389260CountrySaint Vincent and the GrenadinesSaint Vincent and the Grenadines .
24%
964247CountrySão Tomé and PríncipeSão Tomé and Príncipe .
24%
765249CountryBahrainBahrain .
23%
702253CountryFederated States of MicronesiaFederated States of Micronesia . Saint
23%
4,001241US StateRhode IslandRhode Island . Sa
23%
719252CountrySingaporeSingapore .
23%
747251CountryTongaTonga . S
23%
430259CountryBarbadosBarbados . Saint
22%
751250CountryDominicaDominica . T
22%

Score Distribution

Percentile by Number Answered

Percent of People with Each Score

Your Score History

You have not taken this quiz